000 00618nam a22001811 4500
005 20260311181838.0
008 721110s1969 ilu b 000 0 eng
040 _aKABLIB
_cKABLIB
_erda
082 0 0 _a320.019
_223
_bLAN
100 1 _aLane, Robert Edwards.
_915700
245 1 0 _aPolitical thinking and consciousness;
_bthe private life of the political mind /
_cRobert E. Lane.
260 _aChicago,
_bMarkham Pub. Co.
_cc1969
300 _ax, 348 p. ;
_c24 cm.
490 0 _aMarkham political science series
504 _aBibliographical footnotes, index.
650 0 _aPolitical psychology.
_915190
942 _2ddc
_cBOOK
999 _c6176
_d6176